| 000 | 00691nam a2200229Ia 4500 | ||
|---|---|---|---|
| 003 | GCL | ||
| 008 | 140319s9999 xx 000 0 ara d | ||
| 040 |
_aGCL / _cGCL |
||
| 082 | 0 | 4 |
_a257.2 _bم ن |
| 100 | 1 | _aمحمد امين صالح | |
| 245 | 1 | 0 |
_aالنظام المالى والاقتصادى فى الاسلام / _cمحمد امين صالح |
| 300 | _a222 ص | ||
| 490 | _a | ||
| 650 | 0 | 4 | _aالاسلام |
| 650 | 0 | 4 | _aالنظام المالى فى الاسلام |
| 650 | 0 | 4 | _aالتجارة الخارجية |
| 650 | 0 | 4 | _aالجزية |
| 650 | 0 | 4 | _aالخراج |
| 650 | 0 | 4 | _aالتجارة الداخلية |
| 650 | 0 | 4 | _aملكية الاراضى |
| 942 |
_2ddc _cBK |
||
| 999 |
_c39059 _d39059 |
||